[Event "DEM U18 2017"]
[Site "Willingen GER"]
[Date "2017.06.08"]
[Round "7"]
[White "Kololli, Martin"]
[Black "Urban, Konstantin"]
[Result "1-0"]
[Termination "normal"]
[Board "5"]
[WhiteElo "2238"]
[BlackElo "2377"]
[WhiteClock "00:31:37"]
[BlackClock "00:20:01"]
[PlyCount "63"]
[WhiteFideId "12936910"]
[BlackFideId "12927511"]
[EventCountry "GER"]
[EventRounds "9"]
[EventType "swiss"]
[EventDate "2017.06.03"]

1. e4 {[%clk 1:30:57]} 1... c5 {[%clk 1:30:55]} 2. c3 {[%clk 1:31:22]} 2... d5
{[%clk 1:31:20]} 3. exd5 {[%clk 1:31:47]} 3... Qxd5 {[%clk 1:31:46]} 4. d4 {
[%clk 1:32:13]} 4... g6 {[%clk 1:31:59]} 5. Nf3 {[%clk 1:31:36]} 5... Bg7 {
[%clk 1:32:15]} 6. Be3 {[%clk 1:31:50]} 6... cxd4 {[%clk 1:32:10]} 7. cxd4 {
[%clk 1:32:13]} 7... Nh6 {[%clk 1:32:13]} 8. Nc3 {[%clk 1:32:20]} 8... Qd8 {
[%clk 1:32:25]} 9. Bc4 {[%clk 1:29:28]} 9... O-O {[%clk 1:32:01]} 10. O-O {
[%clk 1:28:58]} 10... Nf5 {[%clk 1:29:23]} 11. Re1 {[%clk 1:22:16]} 11... Nc6 {
[%clk 1:23:44]} 12. d5 {[%clk 1:21:44]} 12... Nxe3 {[%clk 1:20:42]} 13. Rxe3 {
[%clk 1:20:14]} 13... Na5 {[%clk 1:19:46]} 14. Bf1 {[%clk 1:19:55]} 14... Bg4 {
[%clk 1:15:42]} 15. h3 {[%clk 1:11:41]} 15... Bxf3 {[%clk 1:13:10]} 16. Qxf3 {
[%clk 1:11:58]} 16... Rc8 {[%clk 1:13:01]} 17. Rae1 {[%clk 1:09:01]} 17... Bf6
{[%clk 1:08:24]} 18. Rd1 {[%clk 1:00:12]} 18... b6 {[%clk 0:50:38]} 19. d6 {
[%clk 0:53:34]} 19... exd6 {[%clk 0:44:53]} 20. Nb5 {[%clk 0:47:37]} 20... Bxb2
{[%clk 0:41:48]} 21. Nxd6 {[%clk 0:45:50]} 21... Rc1 {[%clk 0:37:15]} 22. Re8 {
[%clk 0:41:41]} 22... Qc7 {[%clk 0:28:03]} 23. Rxf8+ {[%clk 0:38:34]} 23...
Kxf8 {[%clk 0:28:32]} 24. Qa8+ {[%clk 0:36:49]} 24... Ke7 {[%clk 0:28:57]} 25.
Qe8+ {[%clk 0:35:03]} 25... Kf6 {[%clk 0:29:23]} 26. Qf8 {[%clk 0:32:51]} 26...
Ke6 {[%clk 0:22:44]} 27. Ne8 {[%clk 0:31:10]} 27... Qc5 {[%clk 0:22:34]} 28.
Rd6+ {[%clk 0:31:22]} 28... Kf5 {[%clk 0:20:20]} 29. Qxf7+ {[%clk 0:31:30]}
29... Ke4 {[%clk 0:20:14]} 30. Qe6+ {[%clk 0:31:08]} 30... Kf4 {[%clk 0:20:05]}
31. g3+ {[%clk 0:31:20]} 31... Kf3 {[%clk 0:20:01]} 32. Qe2# {[%clk 0:31:37]}
1-0

[Event "DEM U18 2017"]
[Site "Willingen GER"]
[Date "2017.06.08"]
[Round "7"]
[White "Spitzl, Vinzent"]
[Black "Niermann, Tristan"]
[Result "1-0"]
[Termination "normal"]
[Board "6"]
[WhiteElo "2245"]
[BlackElo "2340"]
[WhiteClock "00:38:42"]
[BlackClock "00:00:38"]
[PlyCount "111"]
[WhiteFideId "12901253"]
[BlackFideId "12990698"]
[EventCountry "GER"]
[EventRounds "9"]
[EventType "swiss"]
[EventDate "2017.06.03"]

1. e4 {[%clk 1:30:48]} 1... e5 {[%clk 1:30:55]} 2. Nf3 {[%clk 1:31:15]} 2...
Nc6 {[%clk 1:31:21]} 3. Bb5 {[%clk 1:31:38]} 3... a6 {[%clk 1:31:46]} 4. Ba4 {
[%clk 1:32:03]} 4... Nf6 {[%clk 1:32:11]} 5. O-O {[%clk 1:32:28]} 5... Nxe4 {
[%clk 1:32:36]} 6. d4 {[%clk 1:32:15]} 6... b5 {[%clk 1:33:01]} 7. Bb3 { [%clk
1:32:42]} 7... d5 {[%clk 1:33:26]} 8. dxe5 {[%clk 1:32:57]} 8... Be6 { [%clk
1:33:50]} 9. Nbd2 {[%clk 1:31:36]} 9... Nc5 {[%clk 1:34:13]} 10. c3 { [%clk
1:31:41]} 10... Be7 {[%clk 1:34:37]} 11. Bc2 {[%clk 1:31:48]} 11... d4 { [%clk
1:35:01]} 12. Nb3 {[%clk 1:31:21]} 12... d3 {[%clk 1:35:24]} 13. Nxc5 { [%clk
1:31:03]} 13... dxc2 {[%clk 1:35:48]} 14. Qxd8+ {[%clk 1:31:21]} 14... Rxd8
{[%clk 1:36:14]} 15. Nxe6 {[%clk 1:31:39]} 15... fxe6 {[%clk 1:36:38]} 16. Be3
{[%clk 1:31:12]} 16... Rd5 {[%clk 1:33:59]} 17. Rfc1 {[%clk 1:29:49]} 17...
Nxe5 {[%clk 1:30:12]} 18. Nxe5 {[%clk 1:30:04]} 18... Rxe5 {[%clk 1:30:35]} 19.
Rxc2 {[%clk 1:30:14]} 19... Kf7 {[%clk 1:27:40]} 20. g3 {[%clk 1:30:09]} 20...
Rd8 {[%clk 1:24:45]} 21. a4 {[%clk 1:27:48]} 21... Red5 {[%clk 1:22:27]} 22.
Kf1 {[%clk 1:22:13]} 22... Rd1+ {[%clk 1:11:49]} 23. Rxd1 {[%clk 1:22:36]}
23... Rxd1+ {[%clk 1:12:16]} 24. Ke2 {[%clk 1:22:54]} 24... Rb1 {[%clk 0:59:47]
} 25. axb5 {[%clk 1:22:19]} 25... axb5 {[%clk 0:59:48]} 26. Kd3 {[%clk 1:18:17]
} 26... Bd6 {[%clk 0:37:03]} 27. Rd2 {[%clk 1:09:34]} 27... Ke7 {[%clk 0:33:27]
} 28. Kc2 {[%clk 1:02:40]} 28... Rh1 {[%clk 0:32:44]} 29. h4 {[%clk 1:02:27]}
29... Ra1 {[%clk 0:29:01]} 30. Bg5+ {[%clk 0:55:34]} 30... Kd7 {[%clk 0:26:06]}
31. Rd4 {[%clk 0:43:55]} 31... Kc6 {[%clk 0:19:00]} 32. Rg4 {[%clk 0:32:40]}
32... Ra4 {[%clk 0:15:49]} 33. Rxa4 {[%clk 0:30:26]} 33... bxa4 {[%clk 0:16:14]
} 34. h5 {[%clk 0:27:51]} 34... Bc5 {[%clk 0:06:23]} 35. f3 {[%clk 0:27:09]}
35... Bd6 {[%clk 0:05:24]} 36. g4 {[%clk 0:27:20]} 36... Kd5 {[%clk 0:04:55]}
37. Kd3 {[%clk 0:26:18]} 37... g6 {[%clk 0:04:37]} 38. hxg6 {[%clk 0:25:20]}
38... hxg6 {[%clk 0:05:04]} 39. Be3 {[%clk 0:24:06]} 39... Be5 {[%clk 0:02:36]}
40. f4 {[%clk 0:16:27]} 40... Bg7 {[%clk 0:01:45]} 41. c4+ {[%clk 0:13:39]}
41... Kd6 {[%clk 0:18:21]} 42. Bd4 {[%clk 0:44:08]} 42... e5 {[%clk 0:12:12]}
43. Bc3 {[%clk 0:43:48]} 43... e4+ {[%clk 0:09:14]} 44. Kc2 {[%clk 0:44:00]}
44... Bf8 {[%clk 0:07:01]} 45. Bb4+ {[%clk 0:37:01]} 45... c5 {[%clk 0:07:07]}
46. Bc3 {[%clk 0:37:23]} 46... Bh6 {[%clk 0:02:58]} 47. g5 {[%clk 0:37:17]}
47... Bf8 {[%clk 0:03:24]} 48. f5 {[%clk 0:37:13]} 48... gxf5 {[%clk 0:03:19]}
49. g6 {[%clk 0:37:36]} 49... f4 {[%clk 0:02:16]} 50. g7 {[%clk 0:37:53]} 50...
Bxg7 {[%clk 0:02:20]} 51. Bxg7 {[%clk 0:38:17]} 51... f3 {[%clk 0:00:38]} 52.
Kd2 {[%clk 0:38:17]} 52... Kc6 {[%clk 0:00:45]} 53. Ke3 {[%clk 0:38:03]} 53...
Kb6 {[%clk 0:00:57]} 54. Bc3 {[%clk 0:38:23]} 54... Ka6 {[%clk 0:00:38]} 55.
Be1 {[%clk 0:38:42]} 55... Kb6 {[%clk 0:00:38]} 56. Kxe4 1-0

[Event "DEM U18 2017"]
[Site "Willingen GER"]
[Date "2017.06.08"]
[Round "7"]
[White "Pallas, Sebastian"]
[Black "Oberhofer, Cédric"]
[Result "0-1"]
[Termination "normal"]
[Board "7"]
[WhiteElo "2185"]
[BlackElo "2187"]
[WhiteClock "00:05:32"]
[BlackClock "00:17:32"]
[PlyCount "62"]
[WhiteFideId "12905453"]
[BlackFideId "12941220"]
[EventCountry "GER"]
[EventRounds "9"]
[EventType "swiss"]
[EventDate "2017.06.03"]

1. e4 {[%clk 1:30:53]} 1... c5 {[%clk 1:30:54]} 2. Nf3 {[%clk 1:31:06]} 2... d6
{[%clk 1:31:18]} 3. d4 {[%clk 1:31:08]} 3... cxd4 {[%clk 1:31:37]} 4. Nxd4 {
[%clk 1:31:11]} 4... Nf6 {[%clk 1:31:57]} 5. Nc3 {[%clk 1:31:11]} 5... a6 {
[%clk 1:32:19]} 6. Bg5 {[%clk 1:30:57]} 6... e6 {[%clk 1:32:39]} 7. f4 { [%clk
1:30:28]} 7... Qb6 {[%clk 1:32:49]} 8. Qd2 {[%clk 1:29:01]} 8... Qxb2 { [%clk
1:33:08]} 9. Rb1 {[%clk 1:28:27]} 9... Qa3 {[%clk 1:33:31]} 10. Bxf6 { [%clk
1:26:35]} 10... gxf6 {[%clk 1:33:51]} 11. Be2 {[%clk 1:26:26]} 11... h5 { [%clk
1:31:25]} 12. O-O {[%clk 1:23:48]} 12... Qa5 {[%clk 1:23:24]} 13. f5 { [%clk
1:09:31]} 13... Nc6 {[%clk 1:14:53]} 14. Kh1 {[%clk 0:54:20]} 14... h4 { [%clk
1:01:58]} 15. Bg4 {[%clk 0:36:37]} 15... Bh6 {[%clk 0:51:50]} 16. Nxc6 { [%clk
0:36:06]} 16... Bxd2 {[%clk 0:45:55]} 17. Nxa5 {[%clk 0:36:00]} 17... Bxc3
{[%clk 0:46:21]} 18. Nxb7 {[%clk 0:35:37]} 18... Ke7 {[%clk 0:43:41]} 19. Rfd1
{[%clk 0:30:24]} 19... Be5 {[%clk 0:40:01]} 20. Rb3 {[%clk 0:25:07]} 20... a5
{[%clk 0:34:32]} 21. Rb6 {[%clk 0:14:55]} 21... Rb8 {[%clk 0:33:08]} 22. Rdb1
{[%clk 0:15:17]} 22... a4 {[%clk 0:32:59]} 23. fxe6 {[%clk 0:10:02]} 23... fxe6
{[%clk 0:32:17]} 24. c4 {[%clk 0:07:03]} 24... Bd7 {[%clk 0:27:07]} 25. Be2
{[%clk 0:06:54]} 25... h3 {[%clk 0:24:03]} 26. g3 {[%clk 0:07:00]} 26... Rhc8
{[%clk 0:24:07]} 27. Na5 {[%clk 0:05:56]} 27... Rxb6 {[%clk 0:21:38]} 28. Rxb6
{[%clk 0:06:25]} 28... Bd4 {[%clk 0:19:11]} 29. Rb7 {[%clk 0:05:35]} 29... Rc5
{[%clk 0:18:01]} 30. Ra7 {[%clk 0:05:40]} 30... Bc3 {[%clk 0:17:10]} 31. Nb7
{[%clk 0:05:32]} 31... Rc7 {[%clk 0:17:32]} 0-1

[Event "DEM U18 2017"]
[Site "Willingen GER"]
[Date "2017.06.08"]
[Round "7"]
[White "Herbrig, Alexander"]
[Black "Karsay, Pascal"]
[Result "1-0"]
[Termination "normal"]
[Board "8"]
[WhiteElo "2102"]
[BlackElo "2141"]
[WhiteClock "00:23:01"]
[BlackClock "00:14:59"]
[PlyCount "43"]
[WhiteFideId "12952044"]
[BlackFideId "12953474"]
[EventCountry "GER"]
[EventRounds "9"]
[EventType "swiss"]
[EventDate "2017.06.03"]

1. e4 {[%clk 1:30:58]} 1... c5 {[%clk 1:30:54]} 2. Nf3 {[%clk 1:31:20]} 2... d6
{[%clk 1:31:21]} 3. d4 {[%clk 1:31:38]} 3... cxd4 {[%clk 1:31:47]} 4. Nxd4 {
[%clk 1:32:02]} 4... Nf6 {[%clk 1:32:13]} 5. Nc3 {[%clk 1:32:17]} 5... Nc6 {
[%clk 1:32:38]} 6. Bg5 {[%clk 1:32:00]} 6... g6 {[%clk 1:33:02]} 7. Bxf6 {
[%clk 1:12:13]} 7... exf6 {[%clk 1:32:47]} 8. Be2 {[%clk 1:09:15]} 8... Bg7 {
[%clk 1:28:20]} 9. Ndb5 {[%clk 1:01:06]} 9... O-O {[%clk 1:28:19]} 10. O-O {
[%clk 0:57:48]} 10... f5 {[%clk 1:24:29]} 11. Nxd6 {[%clk 0:52:18]} 11... fxe4
{[%clk 1:03:24]} 12. Ncxe4 {[%clk 0:44:26]} 12... Bxb2 {[%clk 0:56:35]} 13. Bc4
{[%clk 0:41:45]} 13... Be5 {[%clk 0:49:36]} 14. Rb1 {[%clk 0:33:48]} 14... Qh4
{[%clk 0:32:45]} 15. g3 {[%clk 0:31:19]} 15... Qe7 {[%clk 0:32:17]} 16. Re1 {
[%clk 0:26:39]} 16... Rd8 {[%clk 0:30:23]} 17. Qf3 {[%clk 0:23:15]} 17... Rxd6
{[%clk 0:20:55]} 18. Nxd6 {[%clk 0:22:46]} 18... Nd4 {[%clk 0:15:25]} 19. Qxf7+
{[%clk 0:22:23]} 19... Qxf7 {[%clk 0:15:49]} 20. Nxf7 {[%clk 0:22:34]} 20...
Bf6 {[%clk 0:15:13]} 21. Nd6+ {[%clk 0:22:42]} 21... Kg7 {[%clk 0:14:59]} 22.
Ne8+ {[%clk 0:23:01]} 1-0

[Event "DEM U18 2017"]
[Site "Willingen GER"]
[Date "2017.06.08"]
[Round "7"]
[White "Schmekel, Florian"]
[Black "Mätzkow, Maximilian Paul"]
[Result "1-0"]
[Termination "normal"]
[Board "9"]
[WhiteElo "2029"]
[BlackElo "2131"]
[WhiteClock "00:07:30"]
[BlackClock "00:13:46"]
[PlyCount "125"]
[WhiteFideId "12913456"]
[BlackFideId "24679933"]
[EventCountry "GER"]
[EventRounds "9"]
[EventType "swiss"]
[EventDate "2017.06.03"]

1. d4 {[%clk 1:30:57]} 1... Nf6 {[%clk 1:30:55]} 2. c4 {[%clk 1:31:22]} 2... c5
{[%clk 1:31:19]} 3. d5 {[%clk 1:31:47]} 3... b5 {[%clk 1:31:34]} 4. cxb5 {
[%clk 1:32:09]} 4... a6 {[%clk 1:31:58]} 5. bxa6 {[%clk 1:32:34]} 5... Bxa6 {
[%clk 1:32:24]} 6. Nc3 {[%clk 1:32:57]} 6... g6 {[%clk 1:32:43]} 7. e4 { [%clk
1:33:21]} 7... Bxf1 {[%clk 1:33:08]} 8. Kxf1 {[%clk 1:33:46]} 8... d6 { [%clk
1:33:31]} 9. Nf3 {[%clk 1:34:09]} 9... Bg7 {[%clk 1:33:54]} 10. g3 { [%clk
1:34:34]} 10... O-O {[%clk 1:34:05]} 11. Kg2 {[%clk 1:34:57]} 11... Nbd7 {[%clk
1:33:54]} 12. h3 {[%clk 1:35:19]} 12... Qb6 {[%clk 1:33:50]} 13. a4 { [%clk
1:35:21]} 13... Rfb8 {[%clk 1:34:05]} 14. Nd2 {[%clk 1:32:32]} 14... Qa6 {[%clk
1:30:23]} 15. Ra3 {[%clk 1:29:46]} 15... Rb4 {[%clk 1:22:47]} 16. Nb5 { [%clk
1:24:55]} 16... Qb7 {[%clk 1:19:48]} 17. Qc2 {[%clk 1:22:00]} 17... Ne8 { [%clk
1:06:55]} 18. Nc4 {[%clk 1:16:36]} 18... Nb6 {[%clk 1:00:23]} 19. Nxb6 { [%clk
1:13:25]} 19... Qxb6 {[%clk 1:00:51]} 20. b3 {[%clk 1:13:07]} 20... c4 { [%clk
0:56:31]} 21. Be3 {[%clk 1:03:06]} 21... Qa6 {[%clk 0:54:05]} 22. bxc4 { [%clk
0:51:32]} 22... Rc8 {[%clk 0:53:55]} 23. Qd3 {[%clk 0:47:14]} 23... Rcxc4
{[%clk 0:48:32]} 24. Rb1 {[%clk 0:45:29]} 24... Rxe4 {[%clk 0:43:54]} 25. Rxb4
{[%clk 0:43:47]} 25... Rxb4 {[%clk 0:44:17]} 26. Qc2 {[%clk 0:42:21]} 26... Bb2
{[%clk 0:26:36]} 27. Ra2 {[%clk 0:38:32]} 27... Rxb5 {[%clk 0:21:50]} 28. axb5
{[%clk 0:36:28]} 28... Qxa2 {[%clk 0:22:15]} 29. Qc6 {[%clk 0:36:55]} 29... Nf6
{[%clk 0:14:54]} 30. b6 {[%clk 0:36:47]} 30... Kg7 {[%clk 0:13:30]} 31. b7 {
[%clk 0:35:38]} 31... Nxd5 {[%clk 0:13:33]} 32. b8=Q {[%clk 0:29:08]} 32...
Nxe3+ {[%clk 0:13:58]} 33. fxe3 {[%clk 0:29:25]} 33... Be5+ {[%clk 0:13:55]}
34. Kf3 {[%clk 0:21:56]} 34... Qh2 {[%clk 0:14:09]} 35. Qca8 {[%clk 0:17:00]}
35... Qxg3+ {[%clk 0:11:38]} 36. Ke2 {[%clk 0:17:20]} 36... Qxh3 { [%clk
0:10:30]} 37. Qf8+ {[%clk 0:12:19]} 37... Kf6 {[%clk 0:11:18]} 38. Qf3+ 38...
Qxf3+ {[%clk 0:10:43]} 39. Kxf3 {[%clk 0:12:16]} 39... h5 40. e4 { [%clk
0:09:42]} 40... Ke6 {[%clk 0:11:01]} 41. Qg8 {[%clk 0:09:41]} 41... Kf6 { [%clk
0:10:09]} 42. Qh7 {[%clk 0:03:57]} 42... e6 {[%clk 0:02:00]} 43. Ke3 { [%clk
0:01:18]} 43... Ke7 {[%clk 0:02:17]} 44. Qh6 {[%clk 0:00:54]} 44... Bf6 { [%clk
0:27:43]} 45. Kd3 {[%clk 0:30:11]} 45... h4 {[%clk 0:27:34]} 46. Qf4 { [%clk
0:29:27]} 46... g5 {[%clk 0:26:37]} 47. Qf3 {[%clk 0:28:15]} 47... Be5 { [%clk
0:26:13]} 48. Kc4 {[%clk 0:27:51]} 48... Bf4 {[%clk 0:23:39]} 49. Qh5 49... Be3
{[%clk 0:20:49]} 50. Qh6 {[%clk 0:17:56]} 50... Bf4 {[%clk 0:16:43]} 51. Kb5
{[%clk 0:13:15]} 51... Be3 {[%clk 0:16:22]} 52. Kc6 {[%clk 0:13:33]} 52... Bf4
{[%clk 0:16:42]} 53. Qh8 {[%clk 0:11:29]} 53... Be5 {[%clk 0:17:02]} 54. Qh5
{[%clk 0:11:27]} 54... Bf4 {[%clk 0:17:00]} 55. Qh6 {[%clk 0:11:08]} 55... Be3
56. Qh8 {[%clk 0:07:38]} 56... Bf4 {[%clk 0:13:46]} 57. Kc7 { [%clk 0:07:30]}
57... d5+ 58. e5 Bxe5+ 59. Qxe5 f6 60. Qd6+ Kf7 61. Kd7 Kg6 62. Kxe6 Kh5 63.
Kf5 1-0

[Event "DEM U18 2017"]
[Site "Willingen GER"]
[Date "2017.06.08"]
[Round "7"]
[White "Schneider, Jana"]
[Black "Reindl, Arno"]
[Result "1-0"]
[Termination "normal"]
[Board "10"]
[WhiteTitle "FM"]
[WhiteElo "2270"]
[BlackElo "2013"]
[WhiteClock "00:03:59"]
[BlackClock "00:40:16"]
[PlyCount "77"]
[WhiteFideId "12924997"]
[BlackFideId "12946729"]
[EventCountry "GER"]
[EventRounds "9"]
[EventType "swiss"]
[EventDate "2017.06.03"]

1. e4 c5 2. Nf3 d6 3. d4 cxd4 4. Nxd4 Nf6 5. Nc3 g6 6. Bc4 Bg7 7. O-O O-O 8.
Bb3 Nc6 9. Re1 Nd7 10. Nde2 Nc5 11. Bg5 Nxb3 12. axb3 Bd7 13. Qd2 Re8 14. Rad1
Rc8 15. f4 Bg4 16. Qe3 Qa5 17. Nd5 Qc5 18. c3 Qxe3+ 19. Nxe3 Be6 20. Nd5 b6 21.
Ra1 Ra8 22. Nc7 Bxb3 23. Ng3 Rec8 24. Nxa8 Rxa8 25. Nf1 a5 26. Ne3 e6 27. Ng4
Kf8 28. Re2 b5 29. Rd2 b4 30. Rxd6 bxc3 31. bxc3 Bxc3 32. Rc1 Nd4 33. Kf2 Nb5
34. Rd7 a4 35. e5 h5 36. Bh6+ Kg8 37. Nf6+ Kh8 38. Rxf7 Ra7 39. Rf8# 1-0

[Event "DEM U18 2017"]
[Site "Willingen GER"]
[Date "2017.06.08"]
[Round "7"]
[White "Ravina, David"]
[Black "Vuckovic, Zarko"]
[Result "1/2-1/2"]
[Termination "normal"]
[Board "11"]
[WhiteElo "2236"]
[BlackElo "2063"]
[WhiteClock "00:03:41"]
[BlackClock "00:22:43"]
[PlyCount "72"]
[WhiteFideId "12921858"]
[BlackFideId "12952087"]
[EventCountry "GER"]
[EventRounds "9"]
[EventType "swiss"]
[EventDate "2017.06.03"]

1. d4 {[%clk 1:30:56]} 1... d5 {[%clk 1:30:53]} 2. c4 {[%clk 1:30:52]} 2... e6
{[%clk 1:31:20]} 3. Nc3 {[%clk 1:31:05]} 3... Be7 {[%clk 1:31:49]} 4. Nf3 {
[%clk 1:30:29]} 4... Nf6 {[%clk 1:32:14]} 5. e3 {[%clk 1:30:13]} 5... O-O {
[%clk 1:31:26]} 6. Bd3 {[%clk 1:30:08]} 6... b6 {[%clk 1:29:27]} 7. O-O { [%clk
1:23:25]} 7... Bb7 {[%clk 1:26:03]} 8. Qc2 {[%clk 1:22:03]} 8... c5 { [%clk
1:15:39]} 9. Rd1 {[%clk 1:10:35]} 9... Nc6 {[%clk 1:07:49]} 10. Qe2 { [%clk
0:57:18]} 10... cxd4 {[%clk 1:04:39]} 11. exd4 {[%clk 0:57:22]} 11... Nb4
{[%clk 1:03:38]} 12. b3 {[%clk 0:52:09]} 12... Nxd3 {[%clk 1:03:47]} 13. Qxd3 {
[%clk 0:51:31]} 13... Rc8 {[%clk 1:04:15]} 14. Nd2 {[%clk 0:49:27]} 14... Qd7 {
[%clk 0:58:45]} 15. a4 {[%clk 0:46:15]} 15... Rfd8 {[%clk 0:58:13]} 16. Nf1 {
[%clk 0:46:14]} 16... a6 {[%clk 0:38:55]} 17. Bb2 {[%clk 0:43:49]} 17... Bd6 {
[%clk 0:35:32]} 18. Rac1 {[%clk 0:23:24]} 18... Bf4 {[%clk 0:31:55]} 19. Ne3 {
[%clk 0:17:56]} 19... Bxe3 {[%clk 0:30:00]} 20. fxe3 {[%clk 0:14:04]} 20...
dxc4 {[%clk 0:30:28]} 21. bxc4 {[%clk 0:09:15]} 21... Qc6 {[%clk 0:30:52]} 22.
d5 {[%clk 0:06:12]} 22... Qxc4 {[%clk 0:31:21]} 23. Qxc4 {[%clk 0:06:31]} 23...
Rxc4 {[%clk 0:31:49]} 24. dxe6 {[%clk 0:06:44]} 24... Rxd1+ {[%clk 0:32:16]}
25. Nxd1 {[%clk 0:06:23]} 25... Rxc1 {[%clk 0:32:44]} 26. exf7+ {[%clk 0:06:44]
} 26... Kxf7 {[%clk 0:33:13]} 27. Bxc1 {[%clk 0:06:30]} 27... Ne4 { [%clk
0:33:41]} 28. Nb2 {[%clk 0:05:42]} 28... Bd5 {[%clk 0:32:22]} 29. Nd3 { [%clk
0:04:08]} 29... Nc3 {[%clk 0:31:26]} 30. Nf4 {[%clk 0:03:10]} 30... Bc4 { [%clk
0:30:23]} 31. a5 {[%clk 0:03:36]} 31... b5 {[%clk 0:30:15]} 32. Kf2 { [%clk
0:03:19]} 32... b4 {[%clk 0:29:46]} 33. Ke1 {[%clk 0:02:57]} 33... b3 { [%clk
0:22:50]} 34. Kd2 {[%clk 0:03:11]} 34... Na4 {[%clk 0:23:19]} 35. Ba3 { [%clk
0:03:20]} 35... g5 {[%clk 0:22:51]} 36. Nd3 {[%clk 0:03:41]} 36... Ke6 { [%clk
0:22:43]} 1/2-1/2

[Event "DEM U18 2017"]
[Site "Willingen GER"]
[Date "2017.06.08"]
[Round "7"]
[White "Neukirchner, Pascal"]
[Black "Philippi, Aidan"]
[Result "1-0"]
[Termination "normal"]
[Board "12"]
[WhiteElo "2108"]
[BlackElo "1664"]
[WhiteClock "00:20:41"]
[BlackClock "00:10:58"]
[PlyCount "61"]
[WhiteFideId "12997927"]
[BlackFideId "16229533"]
[EventCountry "GER"]
[EventRounds "9"]
[EventType "swiss"]
[EventDate "2017.06.03"]

1. b3 {[%clk 1:30:57]} 1... e5 {[%clk 1:30:44]} 2. Bb2 {[%clk 1:31:20]} 2...
Nc6 {[%clk 1:30:58]} 3. e3 {[%clk 1:31:45]} 3... d6 {[%clk 1:30:19]} 4. Bb5 {
[%clk 1:30:23]} 4... Bd7 {[%clk 1:30:37]} 5. Ne2 {[%clk 1:21:12]} 5... Qg5 {
[%clk 1:27:39]} 6. O-O {[%clk 1:20:42]} 6... O-O-O {[%clk 1:27:21]} 7. Nbc3 {
[%clk 1:17:48]} 7... a6 {[%clk 1:27:14]} 8. Bc4 {[%clk 1:11:50]} 8... f5 {
[%clk 1:22:08]} 9. f4 {[%clk 1:08:48]} 9... Qg6 {[%clk 1:21:48]} 10. a4 { [%clk
0:58:09]} 10... Nf6 {[%clk 1:21:02]} 11. Nd5 {[%clk 0:56:23]} 11... h5 { [%clk
1:20:11]} 12. Nec3 {[%clk 0:52:38]} 12... h4 {[%clk 1:14:51]} 13. Qe2 { [%clk
0:50:35]} 13... Na7 {[%clk 1:01:14]} 14. Nb5 {[%clk 0:37:16]} 14... axb5 {[%clk
0:51:10]} 15. axb5 {[%clk 0:37:35]} 15... Nxd5 {[%clk 0:50:18]} 16. Bxd5 {[%clk
0:34:53]} 16... Bxb5 {[%clk 0:44:59]} 17. Bxb7+ {[%clk 0:33:45]} 17... Kb8
{[%clk 0:44:10]} 18. c4 {[%clk 0:33:20]} 18... Bc6 {[%clk 0:43:59]} 19. Bxc6
{[%clk 0:33:01]} 19... Nxc6 {[%clk 0:44:19]} 20. Ra6 {[%clk 0:31:15]} 20... Qe8
{[%clk 0:32:22]} 21. fxe5 {[%clk 0:25:02]} 21... dxe5 {[%clk 0:23:22] } 22. Qf3
22... e4 {[%clk 0:23:27]} 23. Qxf5 {[%clk 0:23:31]} 23... Rh5 { [%clk 0:23:27]}
24. Qg4 {[%clk 0:23:34]} 24... Ra5 {[%clk 0:19:30]} 25. Rxa5 { [%clk 0:23:45]}
25... Nxa5 {[%clk 0:19:40]} 26. Bc3 {[%clk 0:23:15]} 26... Nc6 {[%clk 0:17:56]}
27. Rf5 {[%clk 0:22:05]} 27... Ba3 {[%clk 0:15:08]} 28. Rb5+ { [%clk 0:21:08]}
28... Ka8 {[%clk 0:15:11]} 29. Qd1 {[%clk 0:20:20]} 29... Na7 { [%clk 0:11:27]}
30. Ra5 {[%clk 0:20:31]} 30... Rb8 {[%clk 0:10:58]} 31. Rxa3 { [%clk 0:20:41]}
1-0

[Event "DEM U18 2017"]
[Site "Willingen GER"]
[Date "2017.06.08"]
[Round "7"]
[White "Carnot, Luca"]
[Black "Brunner, Wilken"]
[Result "0-1"]
[Termination "normal"]
[Board "13"]
[WhiteElo "1946"]
[BlackElo "2037"]
[WhiteClock "00:18:47"]
[BlackClock "00:42:38"]
[PlyCount "60"]
[WhiteFideId "12958964"]
[BlackFideId "12928771"]
[EventCountry "GER"]
[EventRounds "9"]
[EventType "swiss"]
[EventDate "2017.06.03"]

1. Nf3 {[%clk 1:30:56]} 1... Nf6 {[%clk 1:30:56]} 2. g3 {[%clk 1:31:22]} 2...
b5 {[%clk 1:31:20]} 3. Bg2 {[%clk 1:31:48]} 3... Bb7 {[%clk 1:31:47]} 4. O-O {
[%clk 1:32:11]} 4... e6 {[%clk 1:32:15]} 5. d3 {[%clk 1:30:50]} 5... c5 { [%clk
1:32:20]} 6. e4 {[%clk 1:31:09]} 6... d6 {[%clk 1:32:39]} 7. Qe2 { [%clk
1:10:29]} 7... a6 {[%clk 1:29:10]} 8. Nh4 {[%clk 1:07:55]} 8... Qc7 { [%clk
1:26:36]} 9. f4 {[%clk 1:04:33]} 9... Nc6 {[%clk 1:21:32]} 10. Be3 { [%clk
0:56:07]} 10... Be7 {[%clk 1:16:21]} 11. Nd2 {[%clk 0:50:43]} 11... a5 { [%clk
1:13:11]} 12. g4 {[%clk 0:49:48]} 12... h5 {[%clk 1:11:05]} 13. g5 { [%clk
0:48:49]} 13... Ng4 {[%clk 1:11:23]} 14. Bh3 {[%clk 0:47:48]} 14... Nxe3 {[%clk
1:10:11]} 15. Qxe3 {[%clk 0:48:16]} 15... O-O-O {[%clk 1:03:30]} 16. c3 {[%clk
0:43:07]} 16... d5 {[%clk 1:02:00]} 17. e5 {[%clk 0:38:40]} 17... g6 { [%clk
0:58:07]} 18. d4 {[%clk 0:38:03]} 18... cxd4 {[%clk 0:55:18]} 19. cxd4 { [%clk
0:38:31]} 19... Nxd4 {[%clk 0:55:39]} 20. Rac1 {[%clk 0:31:37]} 20... Nc6
{[%clk 0:53:28]} 21. Rc2 {[%clk 0:31:05]} 21... Kd7 {[%clk 0:49:54]} 22. Qd3 {
[%clk 0:24:04]} 22... Qb6+ {[%clk 0:48:54]} 23. Kh1 {[%clk 0:21:22]} 23... Nb4
{[%clk 0:48:51]} 24. Bxe6+ {[%clk 0:20:35]} 24... fxe6 {[%clk 0:48:25]} 25.
Qxg6 {[%clk 0:19:59]} 25... Rdg8 {[%clk 0:48:04]} 26. Qf7 {[%clk 0:19:11]}
26... Nxc2 {[%clk 0:46:05]} 27. g6 {[%clk 0:19:32]} 27... Rf8 {[%clk 0:44:09]}
28. g7 {[%clk 0:19:31]} 28... Rxf7 {[%clk 0:44:06]} 29. gxh8=Q {[%clk 0:19:52]}
29... d4+ {[%clk 0:42:45]} 30. Nhf3 {[%clk 0:18:47]} 30... Rxf4 {[%clk 0:42:38]
} 0-1